00851 a2200169 450000500170000002000220001710000170003924500430005625000120009926000330011130000580014494200130020299900150021595201450023095201650037595201410054020250610170741.0 a978-0-07-297621-2 aBLUMAN, A. G aElementary Statistics: A Brief Version a3rd Ed. aNew YorkbMc Graw Hillc2006 axxvii, 659p.: ill; Chat, Figure, TablebIndexc25.8cm 2ddccBKS c3661d3661 r2025-06-10 17:09:45l0o519.5 BLUpMBY000162v150000.00w2025-06-10yBKS102ddc407000a002b002cSPECIALd2011-05-26ePurchaseg50000.00 r2026-04-27 12:46:42l2o519.5 BLUpMBY000971q2026-05-11s2026-04-27v150000.00w2025-06-10yBKS102ddc407000a002b002cGENd2011-05-26ePurchaseg50000.00 r2025-06-28 20:01:51l0o519.5 BLUpMBY000888v150000.00w2025-06-10yBKS102ddc407000a002b002cGENd2011-05-26ePurchaseg50000.00